000 00811nam a2200277Ia 4500
001 Para_2441
003 CHAP
008 220125s1984 xx 000 0 und d
010 _a200975
040 _cCHAP
082 _aPA 635.656 H3
100 _aHagedorn, Donald J
_952218
245 _aCompedium of pea diseases /
_c by Donald J. Hagedorn
260 _aSt. Paul, Minn. :
_b American Phytopathological Society
300 _a57 p.
440 _aThe disease compedium series
_9165817
650 _aChícharo
_x Enfermedades
_922826
710 _aAmerican Phytopathological Society. St. Paul, Minn
_9165818
901 _aPA 635.656 H3
902 _aA
905 _a0000001984 STPaf 0000000000 00
910 _a1984
942 _cPARA
942 _cPARA
_d1
999 _c200975
_d200975